<?xml version="1.0" encoding="UTF-8"?>
<record
    xmlns:xsi="http://www.w3.org/2001/XMLSchema-instance"
    xsi:schemaLocation="http://www.loc.gov/MARC21/slim http://www.loc.gov/standards/marcxml/schema/MARC21slim.xsd"
    xmlns="http://www.loc.gov/MARC21/slim">

  <leader>00722nam a22002057a 4500</leader>
  <datafield tag="952" ind1=" " ind2=" ">
    <subfield code="0">0</subfield>
    <subfield code="1">0</subfield>
    <subfield code="2">ddc</subfield>
    <subfield code="4">1</subfield>
    <subfield code="7">1</subfield>
    <subfield code="8">NFIC</subfield>
    <subfield code="a">ASL</subfield>
    <subfield code="b">ASL</subfield>
    <subfield code="c">GEN</subfield>
    <subfield code="d">2021-03-04</subfield>
    <subfield code="e">ASB Library Collections</subfield>
    <subfield code="h">V-4</subfield>
    <subfield code="l">0</subfield>
    <subfield code="o">954 CAM</subfield>
    <subfield code="p">107025</subfield>
    <subfield code="r">2021-03-04 00:00:00</subfield>
    <subfield code="t">C-1</subfield>
    <subfield code="w">2021-03-04</subfield>
    <subfield code="y">BK</subfield>
    <subfield code="z">RARE</subfield>
  </datafield>
  <datafield tag="952" ind1=" " ind2=" ">
    <subfield code="0">0</subfield>
    <subfield code="1">0</subfield>
    <subfield code="2">ddc</subfield>
    <subfield code="4">0</subfield>
    <subfield code="7">0</subfield>
    <subfield code="8">NFIC</subfield>
    <subfield code="a">ASL</subfield>
    <subfield code="b">ASL</subfield>
    <subfield code="c">GEN</subfield>
    <subfield code="d">2023-04-09</subfield>
    <subfield code="e">A Donation From Mahbub Alam</subfield>
    <subfield code="h">V-4</subfield>
    <subfield code="l">0</subfield>
    <subfield code="o">954 CAM </subfield>
    <subfield code="p">120587</subfield>
    <subfield code="r">2023-04-09 00:00:00</subfield>
    <subfield code="t">C-2</subfield>
    <subfield code="w">2023-04-09</subfield>
    <subfield code="y">BK</subfield>
    <subfield code="z">Y-1937</subfield>
  </datafield>
  <datafield tag="999" ind1=" " ind2=" ">
    <subfield code="c">22728</subfield>
    <subfield code="d">22728</subfield>
  </datafield>
  <controlfield tag="003">BDDh-ASL</controlfield>
  <controlfield tag="005">20231015030144.0</controlfield>
  <controlfield tag="008">210302s1963    ii ||||| |||| 00| 0 eng d</controlfield>
  <datafield tag="040" ind1=" " ind2=" ">
    <subfield code="a">BDDh-ASL</subfield>
    <subfield code="c">BDDh-ASL</subfield>
  </datafield>
  <datafield tag="082" ind1=" " ind2=" ">
    <subfield code="a">954</subfield>
    <subfield code="b">CAM </subfield>
  </datafield>
  <datafield tag="245" ind1="1" ind2="4">
    <subfield code="a">The Cambridge History of India, Vol.-4, The Mughul Period / </subfield>
  </datafield>
  <datafield tag="260" ind1=" " ind2=" ">
    <subfield code="a">Lucknow :</subfield>
    <subfield code="a">Delhi: </subfield>
    <subfield code="b">S. Chand and Co. , </subfield>
    <subfield code="c">1963.</subfield>
  </datafield>
  <datafield tag="300" ind1=" " ind2=" ">
    <subfield code="a">693 p. :</subfield>
    <subfield code="c">24 cm. </subfield>
  </datafield>
  <datafield tag="504" ind1=" " ind2=" ">
    <subfield code="a">Includes bibliographical references and index. </subfield>
  </datafield>
  <datafield tag="505" ind1=" " ind2=" ">
    <subfield code="a">v.1-Ancient India Period, v.4-Mughal Rule, v.5-British India, v.6-The Indian Empire and After</subfield>
  </datafield>
  <datafield tag="650" ind1=" " ind2="0">
    <subfield code="9">3290</subfield>
    <subfield code="a">History of India </subfield>
    <subfield code="x">History </subfield>
  </datafield>
  <datafield tag="651" ind1=" " ind2="0">
    <subfield code="9">722</subfield>
    <subfield code="a">India</subfield>
  </datafield>
  <datafield tag="700" ind1="1" ind2=" ">
    <subfield code="9">3313</subfield>
    <subfield code="a">Haig, Sir Wolseley</subfield>
    <subfield code="c">Lt.-Colonel</subfield>
  </datafield>
  <datafield tag="942" ind1=" " ind2=" ">
    <subfield code="2">ddc</subfield>
    <subfield code="c">BK</subfield>
  </datafield>
</record>
